[Event "Supreme Masters 2013"]
[Site "Sandnes NOR"]
[Date "2013.05.08"]
[Round "1.1"]
[White "Carlsen, Magnus"]
[Black "Topalov, Veselin"]
[Result "1/2-1/2"]
[WhiteTitle "GM"]
[BlackTitle "GM"]
[WhiteElo "2868"]
[BlackElo "2793"]
[WhiteFideId "1503014"]
[BlackFideId "2900084"]
[EventDate "2013.05.08"]

1. c4 c5 2. Nf3 Nf6 3. g3 Nc6 4. Bg2 d5 5. cxd5 Nxd5 6. d4 cxd4 7. Nxd4 Ndb4 8.
Nxc6 Qxd1+ 9. Kxd1 Nxc6 10. Nc3 Bd7 11. Be3 g6 12. Rc1 Bg7 13. Kc2 Rc8 14. Rhd1
Na5 15. Bd4 Bf5+ 16. e4 Bxd4 17. Rxd4 Be6 18. b3 f6 19. f4 Kf7 20. Kb2 Rhd8 21.
Rcd1 Rxd4 22. Rxd4 Nc6 23. Rd2 h6 24. Bf3 Bh3 25. Nb5 h5 26. Be2 h4 27. Bc4+ Be6
28. Bd5 hxg3 29. hxg3 a6 30. Nc3 Rd8 31. Na4 Bxd5 32. exd5 Nb4 33. Nc3 Nc6 34.
Ka3 Na7 35. Kb4 Nc8 36. Ne4 Nd6 37. Nc5 Rc8 38. Ne6 b6 39. Rh2 Nf5 40. g4 Ne3
41. Rh7+ Ke8 42. Rh8+ Kd7 43. Rxc8 Kxc8 44. g5 Nxd5+ 45. Kc4 Ne3+ 46. Kd4 Nf5+
47. Ke4 Kb7 48. Nf8 Nd6+ 49. Kd5 fxg5 50. fxg5 Nf7 51. Nxg6 Nxg5 1/2-1/2

[Event "Supreme Masters 2013"]
[Site "Sandnes NOR"]
[Date "2013.05.08"]
[Round "1.2"]
[White "Anand, Viswanathan"]
[Black "Aronian, Levon"]
[Result "1/2-1/2"]
[WhiteTitle "GM"]
[BlackTitle "GM"]
[WhiteElo "2783"]
[BlackElo "2813"]
[WhiteFideId "5000017"]
[BlackFideId "13300474"]
[EventDate "2013.05.08"]

1. e4 e5 2. Nf3 Nc6 3. Bb5 a6 4. Ba4 Nf6 5. O-O Be7 6. d3 d6 7. c4 O-O 8. Nc3
Bg4 9. Be3 Nd4 10. Bxd4 exd4 11. Nd5 c6 12. Nxf6+ Bxf6 13. h3 Bxf3 14. Qxf3 g6
15. Rae1 Bg7 16. Qd1 Qb6 17. Qd2 a5 18. f4 Qb4 19. Qc2 Qc5 20. Qf2 Rae8 21. Bd1
f5 22. Bf3 Bh6 23. Qh4 Bxf4 24. Qxf4 fxe4 25. Qg3 exf3 26. Rxe8 Rxe8 27. Qxf3
Qf5 28. Qxf5 gxf5 29. Rxf5 Re2 30. Rf2 Re1+ 31. Rf1 Re2 32. Rf2 Re1+ 33. Rf1 Re2 1/2-1/2

[Event "Supreme Masters 2013"]
[Site "Sandnes NOR"]
[Date "2013.05.08"]
[Round "1.5"]
[White "Karjakin, Sergey"]
[Black "Radjabov, Teimour"]
[Result "1-0"]
[WhiteTitle "GM"]
[BlackTitle "GM"]
[WhiteElo "2767"]
[BlackElo "2745"]
[WhiteFideId "14109603"]
[BlackFideId "13400924"]
[EventDate "2013.05.08"]

1. e4 c5 2. Nf3 Nc6 3. Nc3 g6 4. Bb5 Bg7 5. O-O e5 6. d3 Nge7 7. Bc4 h6 8. a3
O-O 9. b4 d6 10. bxc5 dxc5 11. Re1 Kh7 12. Nd5 Be6 13. Nxe7 Qxe7 14. Bd5 Nd4 15.
Nd2 Bxd5 16. exd5 Rad8 17. c3 Nb5 18. c4 Nd4 19. a4 Qd7 20. Rb1 b6 21. Bb2 Rfe8
22. a5 Qc7 23. Qa4 f5 24. axb6 axb6 25. Bxd4 cxd4 26. Qc6 Qxc6 27. dxc6 Rc8 28.
Rxb6 Re6 29. f4 e4 30. dxe4 fxe4 31. Rxe4 Rexc6 32. Rxc6 Rxc6 33. Re7 Kg8 34.
Rd7 Bf8 35. Ne4 d3 36. Kf2 Ba3 37. Rd4 Kf7 38. Ke3 Bc1+ 39. Nd2 Bxd2+ 40. Kxd2
Ra6 41. c5 1-0

[Event "Supreme Masters 2013"]
[Site "Sandnes NOR"]
[Date "2013.05.09"]
[Round "2.2"]
[White "Topalov, Veselin"]
[Black "Radjabov, Teimour"]
[Result "1/2-1/2"]
[WhiteTitle "GM"]
[BlackTitle "GM"]
[WhiteElo "2793"]
[BlackElo "2745"]
[WhiteFideId "2900084"]
[BlackFideId "13400924"]
[EventDate "2013.05.08"]

1. e4 c5 2. Nf3 Nc6 3. Bb5 e6 4. O-O Nge7 5. Re1 a6 6. Bf1 d5 7. exd5 Nxd5 8. d4
Nf6 9. Be3 cxd4 10. Nxd4 Ne5 11. h3 Be7 12. c4 Ng6 13. Nc3 Qc7 14. Na4 Bd7 15.
Qb3 O-O 16. Qb6 Qe5 17. Bd2 Ne4 18. Nc3 Qc5 19. Qxc5 Nxc5 20. b3 Rac8 21. Be3
Rfd8 22. Red1 Be8 23. g3 Ne5 24. Bg2 Nc6 25. Nxc6 Bxc6 26. Bxc6 bxc6 27. f4 Kf8
28. Kf2 Ke8 29. Ke2 Rb8 30. g4 f5 31. Rac1 g6 32. Rd4 Rxd4 33. Bxd4 Rd8 34. Rd1
Nd7 35. Na4 Bd6 36. gxf5 exf5 37. Kf3 Be7 38. Nb2 Nf8 39. Be3 Rxd1 40. Nxd1 Ne6 1/2-1/2

[Event "Supreme Masters 2013"]
[Site "Sandnes NOR"]
[Date "2013.05.09"]
[Round "2.4"]
[White "Hammer, Jon Ludvig"]
[Black "Karjakin, Sergey"]
[Result "0-1"]
[WhiteTitle "GM"]
[BlackTitle "GM"]
[WhiteElo "2608"]
[BlackElo "2767"]
[WhiteFideId "1503707"]
[BlackFideId "14109603"]
[EventDate "2013.05.08"]

1. d4 Nf6 2. c4 e6 3. Nf3 b6 4. g3 Ba6 5. b3 Bb4+ 6. Bd2 Be7 7. Nc3 O-O 8. Bg2
c6 9. e4 d5 10. exd5 cxd5 11. Ne5 Bb7 12. O-O Nc6 13. Bf4 Na5 14. Rc1 Ba3 15.
Rb1 Bb4 16. Na4 Ne4 17. a3 Be7 18. Qd3 f6 19. Ng4 Re8 20. cxd5 exd5 21. f3 Nd6
22. Rfc1 Bf8 23. Ne3 Nf7 24. b4 Nc6 25. b5 Nce5 26. dxe5 fxe5 27. Bxe5 Nxe5 28.
Qd4 Qf6 29. Kh1 Nd7 30. Qd3 Nc5 31. Nxc5 Bxc5 32. Nxd5 Qf7 33. Nb4 Re3 34. Qd2
Rae8 35. Re1 Bxf3 36. Rxe3 Bxe3 37. Qd3 Bxg2+ 38. Kxg2 Bc5 39. Rf1 Qe6 40. Nc6
a5 41. a4 Qe2+ 42. Qxe2 Rxe2+ 43. Kh3 Re4 44. Rf5 Rc4 45. Rd5 Kf7 46. Rh5 Rxa4
47. Rxh7 Re4 48. Rh8 a4 49. Ra8 a3 50. Nd8+ Kf6 51. Nb7 Be7 52. Ra6 Ke5 53. Kg2
Rb4 54. Rxb6 Ra4 0-1

[Event "Supreme Masters 2013"]
[Site "Sandnes NOR"]
[Date "2013.05.09"]
[Round "2.5"]
[White "Wang, Hao"]
[Black "Svidler, Peter"]
[Result "1-0"]
[WhiteTitle "GM"]
[BlackTitle "GM"]
[WhiteElo "2743"]
[BlackElo "2769"]
[WhiteFideId "8602883"]
[BlackFideId "4102142"]
[EventDate "2013.05.08"]

1. d4 Nf6 2. c4 g6 3. f3 d5 4. cxd5 Nxd5 5. e4 Nb6 6. Nc3 Bg7 7. Be3 O-O 8. Qd2
Nc6 9. O-O-O Qd6 10. Nb5 Qd7 11. f4 Qe6 12. Nc3 Nc4 13. Qe2 Nxe3 14. Qxe3 Nb4
15. Kb1 Rd8 16. Nf3 b5 17. a3 Na6 18. Bxb5 Qb6 19. Ne5 Bxe5 20. fxe5 Rb8 21. Rd2
Qa5 22. Bxa6 Bxa6 23. Nd5 Rb3 24. Nxe7+ Kf8 25. Qxb3 Qxd2 26. Nc6 Qxg2 27. Re1
Re8 28. Qc2 Qxc2+ 29. Kxc2 Bb5 30. Nxa7 Bd7 31. Rf1 f5 32. exf5 gxf5 33. Kc3 Ra8
34. e6 Bxe6 35. Nc6 Kg7 36. d5 Bxd5 37. Nd4 Be4 38. Nxf5+ Kg6 39. Nd4 Ra5 40.
Ne6 Bf5 41. Nd4 Bd7 42. Rf2 h5 43. Kd3 Rg5 44. Nf3 Ra5 45. Kd4 Ra4+ 46. Ke3 Bf5
47. Nd4 Bd7 48. Rc2 Ra7 49. h4 Kf6 50. Rc5 Be8 51. Rf5+ Ke7 52. Re5+ Kd7 53. Nb3
Bf7 54. Nc5+ Kd6 55. Kd4 Ra8 56. Rf5 Ke7 57. a4 Rg8 58. Rf4 Rg2 59. b4 Rd2+ 60.
Kc3 Ra2 61. a5 Ra1 62. a6 Be8 63. Re4+ 1-0

[Event "Supreme Masters 2013"]
[Site "Sandnes NOR"]
[Date "2013.05.10"]
[Round "3.1"]
[White "Radjabov, Teimour"]
[Black "Hammer, Jon Ludvig"]
[Result "1-0"]
[WhiteTitle "GM"]
[BlackTitle "GM"]
[WhiteElo "2745"]
[BlackElo "2608"]
[WhiteFideId "13400924"]
[BlackFideId "1503707"]
[EventDate "2013.05.08"]

1. Nf3 Nf6 2. c4 g6 3. Nc3 d5 4. cxd5 Nxd5 5. g3 Bg7 6. Bg2 O-O 7. O-O Nxc3 8.
bxc3 c5 9. Qa4 Qd7 10. Qc4 Na6 11. Rb1 Rb8 12. d4 b5 13. Qd3 Rd8 14. Rd1 Qe8 15.
Bf4 Rb6 16. Qc2 Bf5 17. e4 Bg4 18. Be3 Rbd6 19. d5 e6 20. h3 Bxf3 21. Bxf3 exd5
22. exd5 c4 23. Bxa7 Rc8 24. Qb2 Qd7 25. Bd4 Qxh3 26. Qa3 Qd7 27. Kg2 Bxd4 28.
Rxd4 Rc5 29. Re1 Kg7 30. Qc1 Nc7 31. Qd2 h5 32. Rf4 Rcxd5 33. Bxd5 Rxd5 34. Rd4
Qc6 35. Rxd5 Nxd5 36. Qd4+ Kh7 37. Kg1 Nf6 38. Re7 Kg7 39. Re5 Kh7 40. a3 Qa6
41. Qc5 h4 42. Qf8 hxg3 43. Qxf7+ Kh8 44. Re7 gxf2+ 45. Kf1 1-0

[Event "Supreme Masters 2013"]
[Site "Sandnes NOR"]
[Date "2013.05.10"]
[Round "3.3"]
[White "Karjakin, Sergey"]
[Black "Wang, Hao"]
[Result "1-0"]
[WhiteTitle "GM"]
[BlackTitle "GM"]
[WhiteElo "2767"]
[BlackElo "2743"]
[WhiteFideId "14109603"]
[BlackFideId "8602883"]
[EventDate "2013.05.08"]

1. e4 c5 2. Nf3 d6 3. d4 cxd4 4. Nxd4 Nf6 5. Nc3 Nc6 6. Bg5 e6 7. Qd2 Be7 8.
O-O-O Nxd4 9. Qxd4 O-O 10. f4 Bd7 11. Bc4 Qa5 12. e5 dxe5 13. fxe5 Bc6 14. Bd2
Nd7 15. Nd5 Qc5 16. Nxe7+ Qxe7 17. Rhe1 Nb6 18. Bf1 Rfd8 19. Qf4 Rac8 20. Kb1
Ba4 21. b3 Qc5 22. c4 Rd4 23. Be3 Rxf4 24. Bxc5 Bc6 25. Kb2 h5 26. g3 Rg4 27.
Be3 Bf3 28. Rd4 Rxd4 29. Bxd4 g5 30. a4 Rd8 31. Kc3 Nc8 32. b4 a6 33. Bc5 g4 34.
b5 axb5 35. axb5 Kg7 36. Bd3 f5 37. exf6+ Kxf6 38. Bd4+ Kf7 39. h4 1-0

[Event "Supreme Masters 2013"]
[Site "Sandnes NOR"]
[Date "2013.05.10"]
[Round "3.4"]
[White "Svidler, Peter"]
[Black "Aronian, Levon"]
[Result "1/2-1/2"]
[WhiteTitle "GM"]
[BlackTitle "GM"]
[WhiteElo "2769"]
[BlackElo "2813"]
[WhiteFideId "4102142"]
[BlackFideId "13300474"]
[EventDate "2013.05.08"]

1. c4 Nf6 2. Nc3 e5 3. Nf3 Nc6 4. g3 d5 5. cxd5 Nxd5 6. Bg2 Nb6 7. O-O Be7 8. a3
O-O 9. b4 Be6 10. Rb1 f6 11. d3 Nd4 12. Nd2 c6 13. Nde4 Bf7 14. Nc5 Rb8 15. e3
Ne6 16. d4 exd4 17. exd4 Re8 18. Re1 Bd6 19. a4 Nc7 20. Rxe8+ Bxe8 21. b5 Bg6
22. N5e4 Bf8 23. Bf4 Rc8 24. bxc6 bxc6 25. Bh3 Ra8 26. Bxc7 Qxc7 27. Qb3+ Bf7
28. Be6 Re8 29. Bxf7+ Qxf7 30. Qxf7+ Kxf7 31. a5 1/2-1/2

[Event "Supreme Masters 2013"]
[Site "Sandnes NOR"]
[Date "2013.05.10"]
[Round "3.5"]
[White "Anand, Viswanathan"]
[Black "Topalov, Veselin"]
[Result "1-0"]
[WhiteTitle "GM"]
[BlackTitle "GM"]
[WhiteElo "2783"]
[BlackElo "2793"]
[WhiteFideId "5000017"]
[BlackFideId "2900084"]
[EventDate "2013.05.08"]

1. e4 c5 2. Nf3 d6 3. d4 cxd4 4. Nxd4 Nf6 5. Nc3 a6 6. Be3 e5 7. Nb3 Be6 8. f3
Be7 9. Qd2 O-O 10. O-O-O Nbd7 11. g4 b5 12. Rg1 Nb6 13. Na5 Rc8 14. g5 Nh5 15.
Kb1 Nf4 16. a3 g6 17. h4 Qc7 18. Bxf4 exf4 19. Nd5 Bxd5 20. exd5 Nxd5 21. Qxd5
Qxa5 22. Rg4 Rc5 23. Qb3 d5 24. Rxf4 Qc7 25. Rfd4 Qh2 26. c3 Rd8 27. Qc2 Qg3 28.
f4 Bd6 29. Bg2 Bxf4 30. Bxd5 Kg7 31. Qe4 Qe3 32. Qh1 Rd7 33. R1d3 Qe5 34. Qf3
Bh2 35. Be6 Re7 36. Re4 Rxe6 37. Rxe5 Rcxe5 38. Rd8 Re4 39. Ka2 Bf4 40. Rd7 Kg8
41. Ra7 1-0

[Event "Supreme Masters 2013"]
[Site "Sandnes NOR"]
[Date "2013.05.12"]
[Round "4.1"]
[White "Topalov, Veselin"]
[Black "Hammer, Jon Ludvig"]
[Result "1/2-1/2"]
[WhiteTitle "GM"]
[BlackTitle "GM"]
[WhiteElo "2793"]
[BlackElo "2608"]
[WhiteFideId "2900084"]
[BlackFideId "1503707"]
[EventDate "2013.05.08"]

1. d4 Nf6 2. c4 g6 3. g3 c6 4. Bg2 d5 5. e3 Bg7 6. Ne2 O-O 7. O-O b6 8. b3 Bb7
9. Nbc3 Nbd7 10. a4 Re8 11. Ba3 e6 12. Rc1 Ba6 13. Qc2 Rc8 14. Qa2 Bf8 15. Bxf8
Rxf8 16. Rfd1 Qe7 17. Nf4 dxc4 18. bxc4 e5 19. Nd3 exd4 20. exd4 Qd6 21. Ne2
Rfe8 22. Nef4 Rcd8 23. h4 c5 24. dxc5 Nxc5 25. Nd5 Nxd5 26. Bxd5 Nxd3 27. Rxd3
Qc7 28. Qd2 Bb7 29. h5 Bxd5 30. cxd5 Qe5 31. h6 Qh5 32. d6 Re2 33. Qf4 Qe5 34.
Qf3 Re1+ 35. Rxe1 Qxe1+ 36. Kg2 Qe6 37. Qc6 f6 38. Qc7 Qd7 39. Qc4+ Kf8 40. Rd1
Qb7+ 41. Kg1 Qf7 42. Qb4 Qe6 43. a5 bxa5 44. Qxa5 Rd7 45. Qc5 Kf7 46. Qc2 a5 47.
Rd4 a4 48. Rxa4 Qxd6 49. Ra1 Qe6 50. Ra8 Qd5 51. Ra1 Qe6 52. Rb1 Qf5 53. Qc4+
Qe6 54. Qa4 Qd5 55. Re1 g5 56. Qc2 1/2-1/2

[Event "Supreme Masters 2013"]
[Site "Sandnes NOR"]
[Date "2013.05.13"]
[Round "5.1"]
[White "Svidler, Peter"]
[Black "Anand, Viswanathan"]
[Result "1/2-1/2"]
[WhiteTitle "GM"]
[BlackTitle "GM"]
[WhiteElo "2769"]
[BlackElo "2783"]
[WhiteFideId "4102142"]
[BlackFideId "5000017"]
[EventDate "2013.05.08"]

1. e4 c5 2. Nf3 d6 3. d4 cxd4 4. Nxd4 Nf6 5. Nc3 a6 6. h3 e5 7. Nde2 h5 8. Bg5
Be6 9. g3 Nbd7 10. a4 Be7 11. Bg2 O-O 12. O-O b5 13. axb5 axb5 14. Rxa8 Qxa8 15.
Nxb5 Qb8 16. Bxf6 Nxf6 17. Qd3 Qc8 18. Nxd6 Bxd6 19. Qxd6 Qxc2 20. Nc3 Qxb2 21.
Nd1 Qb8 22. Qxb8 Rxb8 23. Ne3 g6 24. h4 Ng4 25. Nxg4 Bxg4 26. Rc1 Kg7 27. Rc5
Rb1+ 28. Kh2 Rb2 29. Kg1 Rb1+ 30. Kh2 1/2-1/2

[Event "Supreme Masters 2013"]
[Site "Sandnes NOR"]
[Date "2013.05.13"]
[Round "5.3"]
[White "Karjakin, Sergey"]
[Black "Carlsen, Magnus"]
[Result "0-1"]
[WhiteTitle "GM"]
[BlackTitle "GM"]
[WhiteElo "2767"]
[BlackElo "2868"]
[WhiteFideId "14109603"]
[BlackFideId "1503014"]
[EventDate "2013.05.08"]

1. e4 e5 2. Nf3 Nc6 3. Bb5 a6 4. Ba4 Nf6 5. O-O Be7 6. Re1 b5 7. Bb3 d6 8. c3
O-O 9. h3 Nb8 10. d4 Nbd7 11. Nbd2 Bb7 12. Bc2 Re8 13. a4 Bf8 14. Bd3 c6 15. Qc2
Rc8 16. axb5 axb5 17. b4 Qc7 18. Bb2 Ra8 19. Rad1 Nb6 20. c4 bxc4 21. Nxc4 Nxc4
22. Bxc4 h6 23. dxe5 dxe5 24. Bc3 Ba6 25. Bb3 c5 26. Qb2 c4 27. Ba4 Re6 28. Nxe5
Bb7 29. Bc2 Rae8 30. f4 Bd6 31. Kh2 Nh5 32. g3 f6 33. Ng6 Nxf4 34. Rxd6 Nxg6 35.
Rxe6 Rxe6 36. Bd4 f5 37. e5 Nxe5 38. Bxe5 Qc6 39. Rg1 Qd5 40. Bxf5 Rxe5 41. Bg4
h5 42. Bd1 c3 43. Qf2 Rf5 44. Qe3 Qf7 45. g4 Re5 46. Qd4 Qc7 0-1

[Event "Supreme Masters 2013"]
[Site "Sandnes NOR"]
[Date "2013.05.14"]
[Round "6.1"]
[White "Aronian, Levon"]
[Black "Hammer, Jon Ludvig"]
[Result "1-0"]
[WhiteTitle "GM"]
[BlackTitle "GM"]
[WhiteElo "2813"]
[BlackElo "2608"]
[WhiteFideId "13300474"]
[BlackFideId "1503707"]
[EventDate "2013.05.08"]

1. d4 Nf6 2. c4 g6 3. Nc3 d5 4. Nf3 Bg7 5. cxd5 Nxd5 6. e4 Nxc3 7. bxc3 c5 8.
Rb1 O-O 9. Be2 cxd4 10. cxd4 Qa5+ 11. Bd2 Qxa2 12. O-O Bg4 13. Rxb7 Nc6 14. d5
Bxf3 15. Bxf3 Nd4 16. Rxe7 a5 17. d6 a4 18. e5 Nxf3+ 19. gxf3 Qb2 20. Be3 a3 21.
Qd5 Rae8 22. Rxe8 Rxe8 23. d7 Rd8 24. Bg5 1-0

[Event "Supreme Masters 2013"]
[Site "Sandnes NOR"]
[Date "2013.05.14"]
[Round "6.3"]
[White "Anand, Viswanathan"]
[Black "Karjakin, Sergey"]
[Result "1/2-1/2"]
[WhiteTitle "GM"]
[BlackTitle "GM"]
[WhiteElo "2783"]
[BlackElo "2767"]
[WhiteFideId "5000017"]
[BlackFideId "14109603"]
[EventDate "2013.05.08"]

1. e4 e5 2. Nf3 Nc6 3. Bb5 Nf6 4. d3 Bc5 5. Bxc6 dxc6 6. Nbd2 O-O 7. Nc4 Nd7 8.
Bd2 Re8 9. a4 f6 10. O-O Nf8 11. Be3 Ne6 12. Bxc5 Nxc5 13. Ne3 Ne6 14. Nh4 a5
15. b3 Qd4 16. Nhf5 Qc5 17. Qd2 Nd4 18. Nxd4 Qxd4 19. Qe2 Be6 20. Kh1 Rad8 21.
Qe1 b6 22. g4 Kf7 23. Rg1 g5 24. h4 Rg8 25. Qe2 Ke7 26. Raf1 h6 27. Rg2 b5 28.
Rh2 Rg7 29. hxg5 hxg5 30. Rb1 bxa4 31. bxa4 Qxa4 32. Qe1 Ra8 33. Qc3 Kd7 34. Nc4
c5 35. Rh6 Rf7 36. Ne3 Qc6 37. Qa3 a4 38. c4 Qd6 39. Kg2 Qf8 40. Rbh1 Qd6 41.
Rh8 Rff8 42. R8h7+ Kc8 43. Nd5 Bxd5 44. cxd5 Rd8 45. Rc1 Rd7 46. Rh3 Ra5 47. Rc4
Qa6 48. Rh1 Qb5 49. Qc3 a3 50. Ra1 a2 51. Qd2 Rh7 52. Rcc1 Rh8 53. f3 Kd7 54.
Rxa2 Rxa2 55. Qxa2 Qxd3 56. Rxc5 Qd1 57. Rxc7+ Kxc7 1/2-1/2

[Event "Supreme Masters 2013"]
[Site "Sandnes NOR"]
[Date "2013.05.14"]
[Round "6.4"]
[White "Carlsen, Magnus"]
[Black "Radjabov, Teimour"]
[Result "1-0"]
[WhiteTitle "GM"]
[BlackTitle "GM"]
[WhiteElo "2868"]
[BlackElo "2745"]
[WhiteFideId "1503014"]
[BlackFideId "13400924"]
[EventDate "2013.05.08"]

1. c4 c5 2. Nf3 Nc6 3. Nc3 Nf6 4. e3 e6 5. d4 d5 6. cxd5 exd5 7. Bb5 Bd6 8. O-O
O-O 9. dxc5 Bxc5 10. b3 Bg4 11. Bb2 a6 12. Bxc6 bxc6 13. Rc1 Ba7 14. Ne2 Qd6 15.
Be5 Qe7 16. Ned4 Bxf3 17. Nxf3 Rfc8 18. Qd3 a5 19. Bxf6 Qxf6 20. Rc2 Rd8 21.
Rfc1 c5 22. e4 Qg6 23. Re1 dxe4 24. Qxe4 Qxe4 25. Rxe4 Rd1+ 26. Re1 Rxe1+ 27.
Nxe1 Rd8 28. Kf1 a4 29. bxa4 Rd4 30. a5 Ra4 31. Rd2 Kf8 32. Nd3 f6 33. Nb2 Rxa5
34. Nc4 Ra4 35. Rc2 Ke7 36. Ke2 Ke6 37. Kd3 Kd5 38. a3 h5 39. h3 h4 40. Rc1 g6
41. Rc2 g5 42. Rc1 Ra6 43. Re1 Bb8 44. Re7 Bf4 45. Kc3 f5 46. Kb3 g4 47. a4 gxh3
48. gxh3 Rg6 49. a5 Rg1 50. a6 Rb1+ 51. Kc3 Rc1+ 52. Kd3 Rd1+ 53. Ke2 Ra1 54.
Nb6+ Kd6 55. Rg7 Kc6 56. Rg6+ Kb5 57. Nd5 Be5 58. Rb6+ Kc4 59. Ne3+ Kc3 60. f4
Bd4 61. Nxf5 c4 62. Rc6 Rh1 63. Nd6 Rh2+ 64. Kf3 Kd3 65. Rxc4 Rxh3+ 66. Kg4 Rh1
67. Ra4 Bf2 68. Ra3+ 1-0

[Event "Supreme Masters 2013"]
[Site "Sandnes NOR"]
[Date "2013.05.15"]
[Round "7.4"]
[White "Hammer, Jon Ludvig"]
[Black "Carlsen, Magnus"]
[Result "0-1"]
[WhiteTitle "GM"]
[BlackTitle "GM"]
[WhiteElo "2608"]
[BlackElo "2868"]
[WhiteFideId "1503707"]
[BlackFideId "1503014"]
[EventDate "2013.05.08"]

1. d4 Nf6 2. c4 e6 3. Nf3 d5 4. g3 dxc4 5. Bg2 Bb4+ 6. Bd2 a5 7. Qc2 Bxd2+ 8.
Qxd2 c6 9. a4 Ne4 10. Qc2 Nd6 11. Nbd2 Na6 12. Nxc4 Nb4 13. Nxd6+ Qxd6 14. Qd2
O-O 15. O-O Rd8 16. Rfd1 b6 17. Qc3 Ba6 18. Rd2 Rac8 19. Rad1 Qe7 20. h4 c5 21.
dxc5 Rd5 22. Rxd5 Nxd5 23. Qe5 Qxc5 24. Bh3 Re8 25. Nd4 Kf8 26. Bf1 Rc8 27. Nb5
Bxb5 28. axb5 Nf6 29. Qd6+ Ke8 30. Qd3 Qd5 31. Qxd5 exd5 32. e4 Rc2 33. e5 Ne4
34. Rxd5 Rxb2 35. Rd4 Rb4 36. Rd1 a4 37. Bg2 Nc3 38. Bc6+ Ke7 39. Rd7+ Ke6 40.
Ra7 Kxe5 0-1

[Event "Supreme Masters 2013"]
[Site "Sandnes NOR"]
[Date "2013.05.15"]
[Round "7.5"]
[White "Radjabov, Teimour"]
[Black "Anand, Viswanathan"]
[Result "0-1"]
[WhiteTitle "GM"]
[BlackTitle "GM"]
[WhiteElo "2745"]
[BlackElo "2783"]
[WhiteFideId "13400924"]
[BlackFideId "5000017"]
[EventDate "2013.05.08"]

1. d4 Nf6 2. c4 e6 3. Nf3 d5 4. g3 dxc4 5. Bg2 c5 6. Qa4+ Bd7 7. Qxc4 Bc6 8. O-O
Nbd7 9. Nc3 Rc8 10. Be3 b5 11. Qd3 b4 12. Nb1 c4 13. Qc2 Be7 14. a3 b3 15. Qc1
Nb6 16. Nc3 Nfd5 17. Bd2 O-O 18. Ne5 Nxc3 19. Bxc3 Bxg2 20. Kxg2 Na4 21. Re1 f5
22. f3 Bg5 23. e3 Bf6 24. e4 Bxe5 25. dxe5 fxe4 26. Rxe4 Qd3 27. Re3 Qd5 28. Qe1
Rfd8 29. Rc1 Qb5 30. Rd1 Rd3 31. Rexd3 cxd3 32. Bd4 Qc4 33. Be3 Nxb2 34. Rc1 d2 0-1

[Event "Supreme Masters 2013"]
[Site "Sandnes NOR"]
[Date "2013.05.17"]
[Round "8.2"]
[White "Anand, Viswanathan"]
[Black "Hammer, Jon Ludvig"]
[Result "1-0"]
[WhiteTitle "GM"]
[BlackTitle "GM"]
[WhiteElo "2783"]
[BlackElo "2608"]
[WhiteFideId "5000017"]
[BlackFideId "1503707"]
[EventDate "2013.05.08"]

1. d4 Nf6 2. c4 g6 3. Nc3 d5 4. cxd5 Nxd5 5. Bd2 Bg7 6. e4 Nxc3 7. Bxc3 O-O 8.
Qd2 c5 9. d5 Bxc3 10. bxc3 e6 11. d6 e5 12. h4 Be6 13. Nh3 Qxh4 14. O-O-O Qxe4
15. Bd3 Qa4 16. Ng5 Qxa2 17. Qe3 Qa3+ 18. Kd2 Qb2+ 19. Bc2 Bf5 20. Rc1 Rd8 21.
Nxf7 Kxf7 22. Qxe5 Rxd6+ 23. Qxd6 Nc6 24. Rxh7+ Kg8 25. Rd7 Re8 26. Qf6 Bxd7 27.
Qxg6+ Kf8 28. Qf6+ Kg8 29. Rh1 Re2+ 30. Kxe2 Nd4+ 31. cxd4 Qxc2+ 32. Ke3 Qc3+
33. Kf4 Qxd4+ 34. Qxd4 cxd4 35. Ke4 a5 36. Kxd4 a4 37. Kc3 b5 38. Kb4 Kf7 39.
Rh7+ Ke6 40. g4 Be8 41. f4 Kf6 42. Rh6+ Kg7 43. g5 Bg6 44. Rh3 Bf5 45. Re3 1-0

[Event "Supreme Masters 2013"]
[Site "Sandnes NOR"]
[Date "2013.05.17"]
[Round "8.3"]
[White "Svidler, Peter"]
[Black "Karjakin, Sergey"]
[Result "1-0"]
[WhiteTitle "GM"]
[BlackTitle "GM"]
[WhiteElo "2769"]
[BlackElo "2767"]
[WhiteFideId "4102142"]
[BlackFideId "14109603"]
[EventDate "2013.05.08"]

1. e4 e5 2. Nf3 Nc6 3. Bb5 Nf6 4. d3 Bc5 5. c3 O-O 6. O-O d6 7. h3 Ne7 8. d4 Bb6
9. Re1 d5 10. Nxe5 Nxe4 11. Nd2 Nxd2 12. Bxd2 f6 13. Nd3 Bd7 14. a4 c6 15. a5
Bxa5 16. Nc5 Bc8 17. Bd3 Bb6 18. Ne6 Bxe6 19. Rxe6 Ng6 20. Qh5 Re8 21. Rae1 Rxe6
22. Rxe6 Nf8 23. Re3 Bc7 24. g3 b5 25. h4 Bd6 26. b3 a5 27. c4 bxc4 28. bxc4 Bb4
29. Bc1 a4 30. Bb1 Qb6 31. cxd5 Bd6 32. Ba2 c5 33. Re7 Kh8 34. Rf7 Kg8 35. Re7
Kh8 36. Qf7 Bxe7 37. d6 Ng6 38. dxe7 Nxe7 39. Qxe7 cxd4 40. Qe4 Rc8 41. Bf4 Rd8
42. Qe7 Rc8 43. Qe4 Rd8 44. Qe7 Rc8 45. h5 Qd8 46. Qb7 h6 47. Be6 Rc3 48. Qf7 a3
49. Bd6 Qa8 50. Bd5 a2 51. Bxa8 a1=Q+ 52. Kh2 Qe1 53. Kh3 Rc8 54. Bf8 Rxf8 55.
Qxf8+ Kh7 56. Bd5 Qf1+ 57. Kh4 1-0

[Event "Supreme Masters 2013"]
[Site "Sandnes NOR"]
[Date "2013.05.17"]
[Round "8.4"]
[White "Carlsen, Magnus"]
[Black "Wang, Hao"]
[Result "0-1"]
[WhiteTitle "GM"]
[BlackTitle "GM"]
[WhiteElo "2868"]
[BlackElo "2743"]
[WhiteFideId "1503014"]
[BlackFideId "8602883"]
[EventDate "2013.05.08"]

1. c4 c5 2. Nf3 Nc6 3. Nc3 e5 4. d3 d6 5. a3 a5 6. g3 Nge7 7. Bg2 g6 8. Bg5 Bg7
9. Bxe7 Qxe7 10. O-O O-O 11. Nd2 Be6 12. Rb1 Rfc8 13. Nd5 Qd8 14. b4 axb4 15.
axb4 Bxd5 16. Bxd5 cxb4 17. Ne4 Rc7 18. Qd2 Kh8 19. Ra1 Rb8 20. Rfb1 h6 21. Bxc6
bxc6 22. Rxb4 d5 23. Rxb8 Qxb8 24. Nd6 e4 25. Ra6 exd3 26. exd3 Kh7 27. Kg2 dxc4
28. dxc4 Rd7 29. c5 Bf8 30. Rb6 Qc7 31. Rb3 Qa7 32. Rc3 Bxd6 33. cxd6 Qa5 34. h4
Rxd6 35. Qe3 Qd5+ 36. Qf3 h5 37. Qxd5 cxd5 38. Kf3 Kg7 39. Rc7 Kf6 40. Ke3 Ra6
41. Rd7 Ke6 42. Rb7 Ra3+ 43. Kf4 Ra4+ 44. Ke3 Re4+ 45. Kd3 Re1 46. Rb6+ Kf5 47.
Rb7 f6 48. Rd7 Re5 49. f3 Ke6 50. Rg7 g5 51. Rh7 g4 52. fxg4 hxg4 53. Rg7 f5 54.
Rg6+ Kf7 55. Ra6 Re1 56. Kd2 Rg1 57. Ra3 Rg2+ 58. Ke1 Kf6 59. Kf1 Rc2 60. Ra6+
Ke5 61. h5 Rh2 62. h6 d4 63. Kg1 Rh3 64. Kg2 d3 65. Ra5+ Kd4 66. Ra4+ Kc3 67.
Ra6 d2 68. Rc6+ Kd3 69. Rd6+ Kc2 70. Rc6+ Kd1 71. Rd6 f4 72. gxf4 Ke2 73. Re6+
Re3 74. Rxe3+ Kxe3 75. h7 d1=Q 76. h8=Q Qf3+ 77. Kg1 Qf2+ 78. Kh1 Qf1+ 79. Kh2
g3+ 0-1